[Event "ESP-chT CECLUB Div2"]
[Site "Linares"]
[Date "2024.08.16"]
[Round "7.29"]
[White "Sanjuan Garcia, Miguel"]
[Black "Hernandez Ramos, David"]
[Result "1/2-1/2"]
[WhiteElo "1963"]
[BlackElo "2065"]
[PlyCount "129"]
[EventDate "2024.08.11"]
[EventType "team-swiss"]
[EventRounds "7"]
[EventCountry "ESP"]
[SourceTitle "CBM 221 Extra"]
[Source "ChessBase"]
[SourceDate "2024.09.30"]
[SourceVersion "1"]
[SourceVersionDate "2024.09.30"]
[SourceQuality "1"]
[WhiteTeam "Metro Club"]
[BlackTeam "San Sebastian de los Reyes"]
[WhiteTeamCountry "ESP"]
[BlackTeamCountry "ESP"]

1. e4 e6 2. Nf3 d5 3. Nc3 dxe4 4. Nxe4 Nd7 5. d4 Ngf6 6. Nxf6+ Nxf6 7. Bd3 c5 8. c3 cxd4 9. Nxd4 Bc5 10. Nb3 Bd6 11. Bg5 Be5 12. Bb5+ Bd7 13. Bxd7+ Qxd7 14. Qxd7+ Nxd7 15. 0-0-0 Rc8 16. Rhe1 h6 17. Be3 Bb8 18. Bd4 Rg8 19. Kb1 Ke7 20. Nd2 f6 21. h4 b6 22. g3 Rgd8 23. Nf3 Kf7 24. Be3 e5 25. Rd2 Nf8 26. Red1 Rxd2 27. Rxd2 Ke7 28. Kc2 h5 29. b3 Bd6 30. Kb2 Ke6 31. a4 Rc7 32. Rd1 Ng6 33. Nd2 Be7 34. Ne4 f5 35. Ng5+ Bxg5 36. Bxg5 Rd7 37. Rxd7 Kxd7 38. Kc2 Nf8 39. Be3 Kc6 40. a5 Nd7 41. b4 bxa5 42. Bxa7 axb4 43. cxb4 Kb5 44. Kb3 g6 45. f3 Nf6 46. Bb8 Nd7 47. Bd6 Kc6 48. Be7 Kb5 49. Bg5 Nb6 50. Bf6 e4 51. fxe4 fxe4 52. Bg5 Nd5 53. Bd2 e3 54. Be1 e2 55. Bd2 Ne3 56. Kc3 Ng2 57. Kd4 e1Q 58. Bxe1 Nxe1 59. Ke5 Kxb4 60. Kf6 Kc5 61. Kxg6 Kd6 62. Kxh5 Ke7 63. Kg6 Kf8 64. Kh7 Nf3 65. h5 1/2-1/2

[Event "ESP-chT CECLUB Div2"]
[Site "Linares"]
[Date "2024.08.15"]
[Round "6.34"]
[White "Hernandez Ramos, David"]
[Black "Ostolazaga Barragan, Eneko"]
[Result "1-0"]
[WhiteElo "2065"]
[BlackElo "2087"]
[PlyCount "111"]
[EventDate "2024.08.11"]
[EventType "team-swiss"]
[EventRounds "7"]
[EventCountry "ESP"]
[SourceTitle "CBM 221 Extra"]
[Source "ChessBase"]
[SourceDate "2024.09.30"]
[SourceVersion "1"]
[SourceVersionDate "2024.09.30"]
[SourceQuality "1"]
[WhiteTeam "San Sebastian de los Reyes"]
[BlackTeam "Pena Ajedrez Portugalete"]
[WhiteTeamCountry "ESP"]
[BlackTeamCountry "ESP"]

1. d4 e6 2. c4 Nf6 3. Nf3 b6 4. a3 Ba6 5. Qc2 d5 6. cxd5 exd5 7. Bg5 Be7 8. Nc3 0-0 9. g3 h6 10. Bf4 Bd6 11. Bxd6 Qxd6 12. Bg2 c6 13. 0-0 Nbd7 14. Rfd1 Rfe8 15. Rac1 Rac8 16. b4 Bc4 17. e3 a5 18. Qb2 axb4 19. axb4 b5 20. Ra1 Ra8 21. Bh3 Nb6 22. Ne5 Nh7 23. Bf5 Ng5 24. h4 Rxa1 25. Rxa1 Rxe5 26. dxe5 Nf3+ 27. Kg2 Nxe5 28. Ra6 Qf6 29. e4 g6 30. Rxb6 gxf5 31. Nxd5 Qd6 32. Ne3 Bd3 33. f3 fxe4 34. f4 Nc4 35. Nxc4 Bxc4 36. Ra6 Kh7 37. Ra8 f6 38. Ra3 Qd1 39. Qf2 Be2 40. Ra7+ Kg6 41. h5+ Kxh5 42. g4+ Bxg4 43. Kh2 Bf3 44. Kg3 Kg6 45. Ra8 Qd6 46. Qa7 Qe6 47. Kf2 Qd5 48. Kg3 Qb3 49. Kh4 Qe6 50. Qg1+ Kf5 51. Qg3 Qf7 52. Qh3+ Kxf4 53. Qg3+ Kf5 54. Qh3+ Ke5 55. Qh2+ Ke6 56. Qa2+ 1-0

[Event "ESP-chT Rapid"]
[Site "Ubeda"]
[Date "2023.09.24"]
[Round "9.6"]
[White "Hernandez Ramos, David"]
[Black "Alba Fernandez, Nicolas"]
[Result "0-1"]
[WhiteElo "2096"]
[BlackElo "2103"]
[PlyCount "49"]
[EventDate "2023.09.23"]
[EventType "team-swiss (rapid)"]
[EventRounds "9"]
[EventCountry "ESP"]
[SourceTitle "CBM 216 Extra"]
[Source "ChessBase"]
[SourceDate "2023.11.30"]
[SourceVersion "1"]
[SourceVersionDate "2023.11.30"]
[SourceQuality "1"]
[WhiteTeam "Reyes Centenario"]
[BlackTeam "Miraflores Dimalsan"]
[WhiteTeamCountry "ESP"]
[BlackTeamCountry "ESP"]

1. d4 d5 2. c4 e6 3. Nc3 c5 4. cxd5 cxd4 5. Qa4+ Bd7 6. Qxd4 exd5 7. Qxd5 Nf6 8. Qd1 Bc5 9. e3 0-0 10. Nf3 Qe7 11. Bd3 Nc6 12. a3 Rad8 13. Qe2 Bg4 14. h3 Ne5 15. Bc2 Nxf3+ 16. gxf3 Bh5 17. b4 Bd6 18. Bb2 Be5 19. Rc1 Rc8 20. Bb3 Rfd8 21. Rg1 h6 22. Kf1 Qd7 23. Rd1 Qxh3+ 24. Ke1 Bxc3+ 25. Rd2 0-1

[Event "Madrid-chT Honor 2223"]
[Site "Madrid"]
[Date "2023.03.05"]
[Round "12.6"]
[White "Hernandez Ramos, David"]
[Black "Gallego Bergada, Antoni"]
[Result "0-1"]
[WhiteElo "2104"]
[BlackElo "2138"]
[PlyCount "148"]
[EventDate "2022.11.20"]
[EventType "team-tourn"]
[EventRounds "14"]
[EventCountry "ESP"]
[SourceTitle "EXT 2024"]
[Source "ChessBase"]
[SourceDate "2023.10.10"]
[SourceVersion "1"]
[SourceVersionDate "2023.10.10"]
[SourceQuality "1"]
[WhiteTeam "San Sebastian de los Reyes"]
[BlackTeam "San Fernando de Henares"]
[WhiteTeamCountry "ESP"]
[BlackTeamCountry "ESP"]

1. d4 f5 2. g3 e6 3. c4 Nf6 4. Bg2 Be7 5. Nc3 d5 6. Nh3 c6 7. 0-0 0-0 8. b3 Qe8 9. a4 Bb4 10. Qc2 a5 11. Na2 Bd6 12. c5 Bc7 13. b4 axb4 14. Nxb4 e5 15. dxe5 Bxe5 16. Ra3 Qe7 17. Nd3 Bc7 18. Bb2 Na6 19. Bd4 Bb8 20. e3 Nc7 21. Bb2 Ne6 22. Nhf4 Ne4 23. Nxe6 Qxe6 24. Rd1 Qe7 25. Bd4 Bc7 26. Rda1 Ra5 27. Qb2 Rf7 28. Rc1 Ra8 29. Ra2 Rf8 30. Nf4 Rf7 31. Bf3 Ra5 32. Nd3 Rf8 33. Bg2 Rf7 34. Qb4 Rf8 35. Rac2 Rf7 36. Be5 Ra8 37. Bxc7 Qxc7 38. a5 Qe7 39. Bf1 Ng5 40. Bg2 Ne4 41. Qd4 g5 42. f4 g4 43. Ne5 Rf6 44. Bxe4 dxe4 45. Ra1 Be6 46. Re2 Bd5 47. Qb4 Rff8 48. Rb2 Ra7 49. Ra3 Rfa8 50. Rb1 Qe6 51. Rba1 Qe7 52. Kf2 Qe6 53. Kg2 Qe7 54. Rh1 Qc7 55. Rha1 Qe7 56. Qb6 Ra6 57. Qb4 R6a7 58. h4 gxh3+ 59. Kxh3 Qe8 60. Kg2 Qh5 61. Qd2 Qe8 62. Qc3 Rd8 63. a6 Rxa6 64. Rxa6 bxa6 65. Rxa6 Rb8 66. Ra7 Qh5 67. g4 fxg4 68. Ra1 Qh3+ 69. Kg1 Rb3 70. Ra8+ Kg7 71. Ra7+ Kh6 72. Nf7+ Kh5 73. Ng5 Rb1+ 74. Kf2 Qh2# 0-1

[Event "Madrid-chT Honor 2223"]
[Site "Madrid"]
[Date "2023.02.19"]
[Round "10.5"]
[White "Horcajada Reales, Guillermo"]
[Black "Hernandez Ramos, David"]
[Result "1/2-1/2"]
[WhiteElo "2081"]
[BlackElo "2104"]
[PlyCount "185"]
[EventDate "2022.11.20"]
[EventType "team-tourn"]
[EventRounds "14"]
[EventCountry "ESP"]
[SourceTitle "EXT 2024"]
[Source "ChessBase"]
[SourceDate "2023.10.10"]
[SourceVersion "1"]
[SourceVersionDate "2023.10.10"]
[SourceQuality "1"]
[WhiteTeam "Virgen de Atocha"]
[BlackTeam "San Sebastian de los Reyes"]
[WhiteTeamCountry "ESP"]
[BlackTeamCountry "ESP"]

1. c4 e5 2. g3 Nc6 3. Bg2 g6 4. Nc3 Bg7 5. e3 d6 6. Nge2 Nf6 7. 0-0 0-0 8. d4 Rb8 9. b3 exd4 10. Nxd4 Nxd4 11. exd4 Bg4 12. Qd2 Qd7 13. Re1 h5 14. h4 Kh7 15. Qf4 a6 16. a4 Bf5 17. Ra2 Rfe8 18. Rae2 b6 19. Ne4 Nxe4 20. Bxe4 Bxe4 21. Rxe4 Kg8 22. Qe3 Kf8 23. d5 Rxe4 24. Qxe4 Re8 25. Qxe8+ Qxe8 26. Rxe8+ Kxe8 27. Be3 Kd7 28. Kf1 Bc3 29. Ke2 Bb4 30. Kf3 Ke7 31. g4 hxg4+ 32. Kxg4 Bc3 33. Bg5+ Ke8 34. h5 gxh5+ 35. Kxh5 Bd4 36. f3 Bc3 37. f4 Bd2 38. Kg4 Bc3 39. Kf5 Bd2 40. Bf6 Be1 41. Kg4 Bd2 42. f5 Be1 43. Kh5 Bd2 44. Bg5 Bc3 45. Kh6 Bd4 46. Kh7 Bc3 47. Bh6 Ke7 48. Bg7 Bd2 49. Bd4 Bf4 50. f6+ Ke8 51. Kg7 Bd2 52. Bf2 Bc3 53. Be3 a5 54. Bc1 Be1 55. Bb2 Bd2 56. Bd4 Be1 57. Kh6 Bd2+ 58. Kh7 Bf4 59. Kg7 Bd2 60. Kg8 Bf4 61. Bf2 Bg5 62. Kg7 Bd2 63. Bd4 Bf4 64. Bc3 Be3 65. b4 axb4 66. Bxb4 Bd4 67. a5 bxa5 68. Bxa5 Bc5 69. Bxc7 Bb4 70. Bb6 Ba3 71. Bd4 Bb4 72. Bb2 Bc5 73. Bc3 Ba3 74. Kh6 Bc1+ 75. Kh5 Ba3 76. Kg5 Kd7 77. Kf5 Bc5 78. Ke4 Ba3 79. Bd4 Bb4 80. Kd3 Ba3 81. Kc3 Bc1 82. Kb4 Bd2+ 83. Kb5 Bf4 84. c5 dxc5 85. Bxc5 Be5 86. Be7 Bb2 87. Kc4 Be5 88. Kd3 Bb2 89. Ke4 Bc3 90. Kf5 Bb2 91. Kg5 Bc3 92. Kh6 Bxf6 93. Bxf6 1/2-1/2

[Event "Madrid-chT Honor 2223"]
[Site "Madrid"]
[Date "2022.12.18"]
[Round "4.4"]
[White "Hernandez Ramos, David"]
[Black "Lozano Ramirez, Nestor Favian"]
[Result "0-1"]
[WhiteElo "2104"]
[BlackElo "2231"]
[PlyCount "96"]
[EventDate "2022.11.20"]
[EventType "team-tourn"]
[EventRounds "14"]
[EventCountry "ESP"]
[SourceTitle "EXT 2024"]
[Source "ChessBase"]
[SourceDate "2023.10.10"]
[SourceVersion "1"]
[SourceVersionDate "2023.10.10"]
[SourceQuality "1"]
[WhiteTeam "San Sebastian de los Reyes"]
[BlackTeam "Alcorcon Diagonal"]
[WhiteTeamCountry "ESP"]
[BlackTeamCountry "ESP"]

1. d4 g6 2. c4 Bg7 3. Nc3 c5 4. d5 d6 5. e4 e6 6. Be2 Nf6 7. h3 0-0 8. Nf3 exd5 9. Nxd5 Nxd5 10. exd5 Bf5 11. Bf4 Be4 12. Nd2 Re8 13. Nxe4 Rxe4 14. Qd2 Bxb2 15. Rb1 Be5 16. Bxe5 Rxe5 17. Rxb7 Nd7 18. Rb2 Qh4 19. 0-0 Rae8 20. Bg4 f5 21. g3 Qf6 22. Bf3 Nb6 23. Rc2 Qe7 24. h4 Qf6 25. Kg2 Kg7 26. Rh1 h6 27. a4 R5e7 28. a5 Nd7 29. Rb1 g5 30. hxg5 hxg5 31. Rh1 Ne5 32. Be2 f4 33. Qc3 Rf8 34. gxf4 Qxf4 35. Bd1 Ref7 36. Qh3 Qe4+ 37. f3 Qg6 38. Rc3 Rf4 39. Bc2 g4 40. Qh7+ Qxh7 41. Rxh7+ Kg8 42. Rxa7 gxf3+ 43. Kf1 Rh4 44. Rb3 Rh1+ 45. Kf2 Rh2+ 46. Kf1 Rxc2 47. Rbb7 Rg2 48. Rb3 f2 0-1

[Event "ESP-chT CECLUB Div2"]
[Site "Linares"]
[Date "2022.08.27"]
[Round "7.4"]
[White "Valles Moreno, Ivan"]
[Black "Hernandez Ramos, David"]
[Result "1-0"]
[WhiteElo "2369"]
[BlackElo "2090"]
[PlyCount "63"]
[EventDate "2022.08.22"]
[EventType "team-swiss"]
[EventRounds "7"]
[EventCountry "ESP"]
[SourceTitle "CBM 209 Extra"]
[Source "ChessBase"]
[SourceDate "2022.09.30"]
[SourceVersion "1"]
[SourceVersionDate "2022.09.30"]
[SourceQuality "1"]
[WhiteTeam "Villalba 64 Miscasa"]
[BlackTeam "San Sebastian de los Reyes"]
[WhiteTeamCountry "ESP"]
[BlackTeamCountry "ESP"]

1. e4 e6 2. d4 d5 3. e5 c5 4. c3 Qb6 5. Nf3 Nc6 6. Bd3 cxd4 7. cxd4 Bd7 8. 0-0 Nxd4 9. Nbd2 Nxf3+ 10. Nxf3 Bb5 11. Be3 Bc5 12. Bxc5 Qxc5 13. Rc1 Qb6 14. Bxb5+ Qxb5 15. Nd4 Qd7 16. Qg4 g6 17. Qf4 h6 18. Rc3 a6 19. Rfc1 g5 20. Qf3 Ne7 21. h4 Rc8 22. Qf6 Rg8 23. Rxc8+ Nxc8 24. h5 Nb6 25. b3 Qd8 26. Qxh6 Nd7 27. Qh7 Kf8 28. h6 Nxe5 29. Rc7 Qe8 30. Qc2 Nc6 31. Nxc6 bxc6 32. Qc5+ 1-0

[Event "Madrid-chT Honor 2122"]
[Site "Madrid"]
[Date "2022.03.12"]
[Round "13.4"]
[White "Hernandez Ramos, David"]
[Black "Renteria Becerra, Jorge Elicer"]
[Result "1/2-1/2"]
[WhiteElo "2105"]
[BlackElo "2272"]
[PlyCount "59"]
[EventDate "2021.11.27"]
[EventType "team-tourn"]
[EventRounds "14"]
[EventCountry "ESP"]
[SourceTitle "EXT 2024"]
[Source "ChessBase"]
[SourceDate "2023.10.10"]
[SourceVersion "1"]
[SourceVersionDate "2023.10.10"]
[SourceQuality "1"]
[WhiteTeam "San Sebastian de los Reyes"]
[BlackTeam "Blanco y Negro"]
[WhiteTeamCountry "ESP"]
[BlackTeamCountry "ESP"]

1. d4 Nf6 2. c4 e6 3. Nc3 Bb4 4. e3 0-0 5. Bd3 d5 6. Nf3 c5 7. cxd5 exd5 8. dxc5 Bxc5 9. 0-0 Nc6 10. h3 a6 11. a3 Be6 12. b4 Bd6 13. Bb2 Rc8 14. Ne2 Qe7 15. Ned4 Ne4 16. Rc1 Nxd4 17. Bxd4 a5 18. Qb3 axb4 19. axb4 Qd7 20. Qb1 Rfe8 21. Rxc8 Rxc8 22. Rd1 Qa4 23. b5 h6 24. Rc1 Rxc1+ 25. Qxc1 Qb3 26. Qc2 Qb4 27. Qb2 f6 28. Qa2 Qa3 29. Qc2 Bd7 30. Nd2 1/2-1/2

[Event "San Sebastian Constitucion op"]
[Site "San Sebastian de los Reyes"]
[Date "2021.12.11"]
[Round "8"]
[White "Alfaya Marcelo, Roberto"]
[Black "Hernandez Ramos, David"]
[Result "1/2-1/2"]
[WhiteElo "2194"]
[BlackElo "2090"]
[PlyCount "193"]
[EventDate "2021.12.04"]
[EventType "swiss"]
[EventRounds "8"]
[EventCountry "ESP"]
[SourceTitle "CBM 206 Extra"]
[Source "ChessBase"]
[SourceDate "2022.03.31"]
[SourceVersion "1"]
[SourceVersionDate "2022.03.31"]
[SourceQuality "1"]

1. c4 e5 2. Nc3 Nc6 3. g3 g6 4. Bg2 Bg7 5. e3 Nf6 6. Nge2 0-0 7. 0-0 d6 8. d4 Bd7 9. h3 Qc8 10. Kh2 Ne8 11. Nd5 Qd8 12. b4 Ne7 13. Bb2 c6 14. Ndc3 f5 15. d5 Qc7 16. Qb3 Kh8 17. Rfd1 Nf6 18. Rac1 Rac8 19. Ba3 Rfd8 20. dxc6 Bxc6 21. Nd5 Bxd5 22. cxd5 Qd7 23. Nc3 b5 24. Bb2 Rb8 25. Rc2 Rb7 26. f4 e4 27. Ne2 Rc8 28. Rcd2 Rbc7 29. Bf1 a6 30. Nd4 Nfxd5 31. Ne2 Nc3 32. Nxc3 Bxc3 33. Rxd6 Qe8 34. Rxa6 Qg8 35. Ra3 Qg7 36. Bc1 Bxb4 37. Qxb4 Rxc1 38. Rxc1 Rxc1 39. Ra8+ Nc8 40. Bg2 h5 41. Qxb5 Kh7 42. Qe5 Qxe5 43. fxe5 Kg7 44. g4 hxg4 45. hxg4 Rc3 46. gxf5 gxf5 47. Kg3 Nb6 48. Ra7+ Kf8 49. e6 Nd5 50. Rf7+ Ke8 51. Bf1 Nc7 52. Rxf5 Nxe6 53. Re5 Kf7 54. Rxe4 Kf6 55. a4 Kf5 56. Bg2 Ra3 57. Rb4 Rxe3+ 58. Kf2 Ra3 59. Rb5+ Kf4 60. Rb4+ Ke5 61. Bc6 Kd6 62. Bb5 Nc7 63. Be2 Nd5 64. Rd4 Ra2 65. Ke1 Kc5 66. Rc4+ Kb6 67. Bf3 Ne7 68. Re4 Nc8 69. Re6+ Kc7 70. Rc6+ Kd7 71. Ra6 Nd6 72. Bd5 Ra3 73. Ra7+ Kc8 74. Ke2 Kb8 75. Rd7 Nf5 76. Bc6 Kc8 77. Kd2 Ra1 78. Bb5 Ng3 79. Kc3 Ne4+ 80. Kb2 Rh1 81. Re7 Nc5 82. Re5 Rh2+ 83. Ka3 Nb7 84. Re7 Nd6 85. Ba6+ Kd8 86. Rg7 Rh3+ 87. Kb4 Re3 88. Kc5 Ne8 89. Rh7 Re5+ 90. Kd4 Re4+ 91. Kxe4 Nf6+ 92. Ke5 Nxh7 93. Kd6 Nf6 94. Bb7 Nd7 95. Bg2 Nb6 96. Bc6 Nxa4 97. Bxa4 1/2-1/2

[Event "San Sebastian Constitucion op"]
[Site "San Sebastian de los Reyes"]
[Date "2021.12.06"]
[Round "3"]
[White "Hernandez Ramos, David"]
[Black "Martinez Miura, Enrique"]
[Result "1-0"]
[WhiteElo "2090"]
[BlackElo "1594"]
[PlyCount "47"]
[EventDate "2021.12.04"]
[EventType "swiss"]
[EventRounds "8"]
[EventCountry "ESP"]
[SourceTitle "CBM 206 Extra"]
[Source "ChessBase"]
[SourceDate "2022.03.31"]
[SourceVersion "1"]
[SourceVersionDate "2022.03.31"]
[SourceQuality "1"]

1. e4 e6 2. d4 d5 3. e5 c5 4. c3 cxd4 5. cxd4 Nc6 6. Nf3 Nge7 7. Nc3 Nf5 8. Bb5 Bd7 9. 0-0 Be7 10. Ba4 a6 11. Bc2 0-0 12. Bxf5 exf5 13. Nxd5 Be6 14. Nxe7+ Qxe7 15. d5 Rad8 16. d6 Qd7 17. b3 f6 18. Bb2 fxe5 19. Nxe5 Nxe5 20. Bxe5 Qb5 21. Re1 f4 22. Qd4 g5 23. Bh8 Rd7 24. Rxe6 1-0

[Event "Alicante IRT op 15th"]
[Site "Alicante"]
[Date "2021.09.24"]
[Round "2"]
[White "Monge Garcia, Carlos Eloy"]
[Black "Hernandez Ramos, David"]
[Result "0-1"]
[WhiteElo "1829"]
[BlackElo "2095"]
[PlyCount "140"]
[EventDate "2021.09.24"]
[EventType "swiss"]
[EventRounds "7"]
[EventCountry "ESP"]
[SourceTitle "CBM 204 Extra"]
[Source "ChessBase"]
[SourceDate "2021.11.30"]
[SourceVersion "1"]
[SourceVersionDate "2021.11.30"]
[SourceQuality "1"]

1. e4 e6 2. d4 d5 3. exd5 exd5 4. Bd3 Bd6 5. Ne2 Nf6 6. Nbc3 c6 7. Bf4 0-0 8. Qd2 Re8 9. 0-0-0 b5 10. f3 a5 11. g4 a4 12. Bxd6 Qxd6 13. Qf4 Qb4 14. a3 Qf8 15. Na2 Na6 16. Qd2 Bd7 17. h4 Kh8 18. h5 h6 19. Rdg1 Qe7 20. g5 hxg5 21. Qxg5 Qe3+ 22. Kb1 Qxg5 23. Rxg5 Re3 24. h6 g6 25. Nf4 Rxf3 26. Rh4 Re8 27. Kc1 Nh7 28. Nxg6+ fxg6 29. Rxg6 Nb8 30. Nc3 Bf5 31. Bxf5 Rxf5 32. Rg7 Rf6 33. Rc7 Rfe6 34. b3 axb3 35. cxb3 R6e7 36. Rxe7 Rxe7 37. a4 b4 38. Nd1 Nf6 39. Rf4 Nbd7 40. Nf2 Re3 41. Kc2 Rc3+ 42. Kb2 Kh7 43. a5 Re3 44. a6 Re2+ 45. Kb1 Re3 46. Kc2 Kxh6 47. Nd3 Kg5 48. Rf2 Re8 49. Nxb4 Ra8 50. Kd3 c5 51. dxc5 Nxc5+ 52. Kc2 Nxa6 53. Nd3 Rc8+ 54. Kb2 Nc5 55. Nc1 Rb8 56. Ka3 Nfe4 57. Rc2 Kf5 58. b4 Ra8+ 59. Kb2 Nd7 60. Rc7 Ne5 61. Kb3 Rb8 62. Ne2 Ke6 63. Rh7 Nc6 64. Rh6+ Kd7 65. Rh7+ Ke6 66. Rh6+ Nf6 67. Nf4+ Ke5 68. Nd3+ Kf5 69. Ka4 Nd4 70. Rh4 Ra8# 0-1

[Event "Madrid-ch Final"]
[Site "Madrid"]
[Date "2021.05.28"]
[Round "7"]
[White "Mkrtchyan, Levon"]
[Black "Hernandez Ramos, David"]
[Result "1-0"]
[WhiteElo "2230"]
[BlackElo "2101"]
[PlyCount "99"]
[EventDate "2021.05.22"]
[EventType "swiss"]
[EventRounds "7"]
[EventCountry "ESP"]
[SourceTitle "CBM 203 Extra"]
[Source "ChessBase"]
[SourceDate "2021.09.30"]
[SourceVersion "1"]
[SourceVersionDate "2021.09.30"]
[SourceQuality "1"]

1. e4 e6 2. d4 d5 3. Nc3 Nf6 4. exd5 Nxd5 5. Nxd5 exd5 6. Bd3 Be7 7. Bf4 0-0 8. Qh5 g6 9. Qf3 Nc6 10. c3 Re8 11. Ne2 Be6 12. 0-0 Qd7 13. h3 Rac8 14. Rfe1 Bf5 15. Bxf5 Qxf5 16. Ng3 Qd7 17. Re2 Nd8 18. Rae1 Ne6 19. Bh6 Bf8 20. Bxf8 Kxf8 21. Re5 Ng7 22. Qf6 Rxe5 23. Rxe5 Re8 24. Nf1 Qd8 25. Rxe8+ Qxe8 26. Ne3 c6 27. Qd6+ Kg8 28. Qc7 Nf5 29. Nxf5 gxf5 30. Qxb7 Qe1+ 31. Kh2 Qxf2 32. Qb8+ Kg7 33. Qg3+ Qxg3+ 34. Kxg3 Kf6 35. Kf4 h6 36. b3 Ke6 37. c4 dxc4 38. bxc4 a5 39. a4 Kf6 40. h4 Ke6 41. h5 Kf6 42. d5 cxd5 43. cxd5 Ke7 44. Kxf5 Kd6 45. Kf6 Kxd5 46. Kxf7 Kc5 47. Kg6 Kb4 48. Kxh6 Kxa4 49. Kg6 Kb3 50. h6 1-0

[Event "Madrid-ch Final"]
[Site "Madrid"]
[Date "2021.05.24"]
[Round "3"]
[White "Neagu, Roberto Florin"]
[Black "Hernandez Ramos, David"]
[Result "1/2-1/2"]
[WhiteElo "1881"]
[BlackElo "2101"]
[PlyCount "101"]
[EventDate "2021.05.22"]
[EventType "swiss"]
[EventRounds "7"]
[EventCountry "ESP"]
[SourceTitle "CBM 203 Extra"]
[Source "ChessBase"]
[SourceDate "2021.09.30"]
[SourceVersion "1"]
[SourceVersionDate "2021.09.30"]
[SourceQuality "1"]

1. c4 c5 2. Nc3 Nf6 3. e4 Nc6 4. g3 d6 5. h3 g6 6. Bg2 Bg7 7. Nge2 0-0 8. 0-0 a6 9. d3 Rb8 10. f4 Nd7 11. a4 Nd4 12. Kh2 b6 13. Rb1 Nxe2 14. Qxe2 Bb7 15. h4 h5 16. Bh3 Bc8 17. e5 dxe5 18. f5 Nf6 19. Ne4 Ng4+ 20. Bxg4 hxg4 21. fxg6 fxg6 22. Bg5 Bf5 23. Rbd1 Qd7 24. b3 Rbd8 25. a5 Bf6 26. Bh6 Rfe8 27. axb6 Qc6 28. Rb1 Qxb6 29. Be3 Rd4 30. Bxd4 exd4 31. b4 cxb4 32. c5 Qe6 33. Rxb4 Rc8 34. Nxf6+ Qxf6 35. Rc4 Rc6 36. Rc2 Re6 37. Qg2 Rc6 38. Qd5+ Kh7 39. Re2 Rc7 40. Re5 Rd7 41. Qxd7 Qxe5 42. Qc6 Qe2+ 43. Qg2 Qxd3 44. Re1 e6 45. Re2 Qc4 46. c6 d3 47. Rb2 Be4 48. Rb7+ Kg8 49. Rb8+ Kh7 50. Qd2 Qxc6 51. Rb2 1/2-1/2

[Event "Madrid-ch sf"]
[Site "Madrid"]
[Date "2021.05.10"]
[Round "6"]
[White "Martinez Fernandez, Raul"]
[Black "Hernandez Ramos, David"]
[Result "1-0"]
[WhiteElo "2141"]
[BlackElo "2101"]
[PlyCount "51"]
[EventDate "2021.05.05"]
[EventType "swiss"]
[EventRounds "9"]
[EventCountry "ESP"]
[SourceTitle "EXT 2022"]
[Source "ChessBase"]
[SourceDate "2021.10.06"]
[SourceVersion "1"]
[SourceVersionDate "2021.10.06"]
[SourceQuality "1"]

1. e4 e6 2. d4 d5 3. Nc3 Nf6 4. e5 Nfd7 5. f4 c5 6. Nf3 Nc6 7. Be3 Qb6 8. Na4 Qc7 9. Nxc5 Nxd4 10. Nxd4 Nxc5 11. c4 dxc4 12. Bxc4 Qa5+ 13. Kf2 Bd7 14. Qf3 Qb4 15. Rhc1 Be7 16. Rab1 a5 17. a3 Qa4 18. Be2 Rc8 19. Bd1 Nd3+ 20. Kg1 Rxc1 21. Rxc1 Qxd4 22. Bxd4 Nxc1 23. Qe3 0-0 24. Qxc1 Rc8 25. Qd2 Rd8 26. Bb6 1-0

[Event "Madrid-ch sf"]
[Site "Madrid"]
[Date "2021.05.06"]
[Round "2"]
[White "Elissalt Cardenas, Hector"]
[Black "Hernandez Ramos, David"]
[Result "1-0"]
[WhiteElo "2281"]
[BlackElo "2101"]
[PlyCount "63"]
[EventDate "2021.05.05"]
[EventType "swiss"]
[EventRounds "9"]
[EventCountry "ESP"]
[SourceTitle "EXT 2022"]
[Source "ChessBase"]
[SourceDate "2021.10.06"]
[SourceVersion "1"]
[SourceVersionDate "2021.10.06"]
[SourceQuality "1"]

1. c4 Nf6 2. Nc3 e6 3. Nf3 d5 4. d4 Be7 5. Bg5 0-0 6. e3 h6 7. Bxf6 Bxf6 8. Qc2 Re8 9. h4 Nc6 10. 0-0-0 g6 11. h5 g5 12. a3 Ne7 13. Ne5 c6 14. f4 Nf5 15. Qf2 Rf8 16. g4 Nd6 17. c5 Ne8 18. Bd3 Qe7 19. Nf3 b6 20. Bb1 Kg7 21. Qc2 Rh8 22. Na4 Rb8 23. Ne5 Bd7 24. Rdf1 gxf4 25. exf4 Kf8 26. Qd2 Ng7 27. Qe3 Ke8 28. Rhg1 Bh4 29. Nf3 Qd8 30. Nxh4 Qxh4 31. Qe5 Ke7 32. Qd6+ 1-0

[Event "San Sebastian Reyes"]
[Site "San Sebastian de los Reyes"]
[Date "2020.12.10"]
[Round "6"]
[White "Santamaria Farran, Pablo"]
[Black "Hernandez Ramos, David"]
[Result "0-1"]
[WhiteElo "1760"]
[BlackElo "2081"]
[PlyCount "104"]
[EventDate "2020.12.05"]
[EventType "tourn"]
[EventRounds "7"]
[EventCountry "ESP"]
[SourceTitle "EXT 2022"]
[Source "ChessBase"]
[SourceDate "2021.10.06"]
[SourceVersion "1"]
[SourceVersionDate "2021.10.06"]
[SourceQuality "1"]

1. c4 e5 2. d3 Nc6 3. g3 g6 4. e4 Bg7 5. Bg2 Nge7 6. Nc3 d6 7. Nge2 Be6 8. 0-0 Qd7 9. Nd5 h6 10. Be3 f5 11. f4 fxe4 12. dxe4 Bg4 13. Qd2 exf4 14. Nexf4 g5 15. Ne2 Nxd5 16. cxd5 Ne5 17. Rac1 Rf8 18. Rxf8+ Kxf8 19. Nd4 c5 20. dxc6 bxc6 21. Nf5 Bxf5 22. exf5 Rb8 23. b3 Ke7 24. h3 Qxf5 25. Rf1 Qe6 26. g4 Rb5 27. Be4 Nxg4 28. Bd4 Ne5 29. Bf5 Qd5 30. Qe3 Qxd4 31. Qxd4 Nf3+ 32. Rxf3 Bxd4+ 33. Kf1 Be5 34. Bg6 Bf4 35. Rc3 Rb6 36. Ke2 Kf6 37. Bh5 Ke5 38. Be8 c5 39. Bg6 d5 40. Bh5 Re6 41. Rd3 Ra6 42. a4 Rb6 43. Bf7 d4 44. Kf3 Kf5 45. Bc4 h5 46. Rd1 g4+ 47. hxg4+ hxg4+ 48. Kg2 Rh6 49. Rf1 Rh2+ 50. Kg1 Rb2 51. Bd3+ Kg5 52. Bc4 g3 0-1